[Event "Open Nord 2016/2017"]
[Site "Meyreuil"]
[Date "2017.03.03"]
[Round "7"]
[White "Schoeni, Christine"]
[Black "Salvi, Angele"]
[Result "0-1"]
[WhiteElo "1113"]
[BlackElo "1048"]
[PlyCount "128"]

1. d4 Nf6 2. c4 e5 3. d5 d6 4. Nc3 Be7 5. e4 Nbd7 6. Nf3 Nc5 7. Bd3 Bd7 8. Bc2
a6 9. O-O O-O 10. b4 Ncxe4 11. Nxe4 Nxe4 12. Bxe4 f5 13. Bd3 e4 14. Be2 exf3
15. Bxf3 h6 16. Rb1 Rb8 17. Bh5 Bg5 18. f4 Bf6 19. a3 Kh7 20. Bf3 b5 21. Be2 c6
22. Be3 Qc7 23. c5 Rbe8 24. Rf3 cxd5 25. Qxd5 Bc6 26. Qxd6 Qxd6 27. cxd6 Bxf3
28. Bxf3 Rxe3 29. Bb7 Rxa3 30. d7 Ra1 31. Rxa1 Bxa1 32. Bxa6 Rb8 33. Kf2 Bd4+
34. Ke2 Bc3 35. Kd3 Bxb4 36. Kd4 Ba5 37. Kc5 b4 38. Bd3 g6 39. g3 b3 40. h3 b2
41. Bb1 Kg7 42. g4 Kf6 43. Kd6 Bc7+ 44. Kc6 Bxf4 45. gxf5 gxf5 46. Kd5 Bc7 47.
Kc6 Bd8 48. Kd6 f4 49. Kd5 Ke7 50. Ke4 Rb4+ 51. Kf3 Kxd7 52. Kg4 Ke7 53. h4 Kf6
54. h5 Bc7 55. Kf3 Kg5 56. Ke2 Be5 57. Kf3 Rb3+ 58. Ke2 Rh3 59. Kd2 Rh2+ 60.
Kd3 Kxh5 61. Ke4 Kg5 62. Kxe5 Re2+ 63. Kd4 Kg4 64. Kd3 f3 0-1

[Event "Open Nord 2016/2017"]
[Site "Meyreuil"]
[Date "2017.03.24"]
[Round "8"]
[White "Salvi, Michel"]
[Black "Mamah, Isabelle"]
[Result "0-1"]
[WhiteElo "1684"]
[BlackElo "1875"]
[PlyCount "70"]
[EventDate "2017.??.??"]

1. e4 c5 2. Nf3 g6 3. d4 cxd4 4. Nxd4 Nf6 5. Nc3 Bg7 6. g3 Nc6 7. Be3 O-O 8.
Bg2 d6 9. h3 Qa5 10. Nb3 Qd8 11. O-O Be6 12. Kh2 a5 13. Nb5 Bc4 14. a4 Bxf1 15.
Qxf1 Rc8 16. f4 Qd7 17. c3 Qe6 18. N3d4 Nxd4 19. Nxd4 Qc4 20. Qe1 e5 21. Nb5
Rfd8 22. Bb6 Rd7 23. Bxa5 exf4 24. gxf4 Re8 25. Nd4 Nh5 26. b3 Qa6 27. Bb4 Nxf4
28. Bf3 Be5 29. Kh1 Nd3 30. Qh4 Nxb4 31. Bg4 Rde7 32. Nf5 Rc7 33. Rg1 Qd3 34.
Nh6+ Kf8 35. Bh5 Rxc3 0-1

[Event "Open Nord 2016/2017"]
[Site "Meyreuil"]
[Date "2017.03.24"]
[Round "8"]
[White "Loysel, Yves"]
[Black "Lemarchand, Fabien"]
[Result "1-0"]
[WhiteElo "1629"]
[BlackElo "1643"]
[PlyCount "75"]
[EventDate "2017.??.??"]

1. e4 c5 2. Nc3 Nc6 3. f4 g6 4. Nf3 Bg7 5. Bc4 e6 6. f5 gxf5 7. d3 Nge7 8. O-O
d5 9. exd5 Nxd5 10. Nxd5 exd5 11. Qe1+ Be6 12. Bb5 Qb6 13. Bxc6+ Qxc6 14. Bf4
O-O-O 15. a4 Rhg8 16. Ne5 Qb6 17. a5 Qxb2 18. Rb1 Qd4+ 19. Kh1 Bxe5 20. Bxe5
Qg4 21. Bg3 Qg7 22. Qf2 Qd4 23. Qe1 Rde8 24. c3 Qg7 25. d4 h5 26. Qd2 Qg5 27.
Qb2 Re7 28. Bd6 Rd7 29. Bf4 Qe7 30. Qb5 c4 31. a6 Rc7 32. Bxc7 Qxc7 33. axb7+
Kb8 34. Qa6 Bd7 35. Rb2 Bc6 36. Ra1 Bxb7 37. Qxa7+ Kc8 38. Rab1 1-0

[Event "Open Nord 2016/2017"]
[Site "Meyreuil"]
[Date "2017.03.24"]
[Round "8"]
[White "Graells, Christian"]
[Black "Pelopidas, Florian"]
[Result "0-1"]
[WhiteElo "1611"]
[BlackElo "1700"]
[PlyCount "54"]
[EventDate "2017.??.??"]

1. e4 e6 2. d4 d5 3. Nc3 Nf6 4. e5 Nfd7 5. f4 c5 6. Nf3 Nc6 7. Be3 Be7 8. Be2
O-O 9. O-O b6 10. a3 f6 11. Qd2 Bb7 12. Bd3 fxe5 13. fxe5 cxd4 14. Nxd4 Rxf1+
15. Rxf1 Nxd4 16. Bxd4 Bc5 17. Qf4 Bxd4+ 18. Qxd4 Qg5 19. Re1 Rf8 20. g3 Nc5
21. Be2 Qg6 22. b4 Nd7 23. Bd3 Qg5 24. Nb5 Ba6 25. Nc7 Bxd3 26. Nxe6 Qd2 27.
cxd3 Qxe1+ 0-1

[Event "Open Nord 2016/2017"]
[Site "Meyreuil"]
[Date "2017.03.24"]
[Round "8"]
[White "Gourdeau, Marie-Christine"]
[Black "Arthaud, Geoffrey"]
[Result "0-1"]
[WhiteElo "1377"]
[BlackElo "1605"]
[PlyCount "103"]

1. e4 c6 2. d4 d5 3. exd5 cxd5 4. c4 Nc6 5. Nf3 Bg4 6. Be3 Nf6 7. Nc3 e6 8.
cxd5 Nxd5 9. Be2 Bb4 10. Bd2 O-O 11. O-O Rc8 12. Rc1 Bxf3 13. Bxf3 Nxd4 14.
Bxd5 exd5 15. Qg4 Bxc3 16. Bxc3 Ne6 17. Rfd1 d4 18. Bb4 Rxc1 19. Rxc1 Re8 20.
f4 Qb6 21. Ba3 d3+ 22. Kh1 d2 23. Rd1 Qf2 24. Qg3 Qxf4 25. Bd6 Qg5 26. Kg1 Qxg3
27. Bxg3 Ng5 28. Kf1 Ne4 29. Bf4 g5 30. Bxd2 Rd8 31. Ke2 Rxd2+ 32. Rxd2 Nxd2
33. Kxd2 Kf8 34. Ke3 Ke7 35. g4 Ke6 36. Ke4 f5+ 37. gxf5+ Kf6 38. h3 h5 39. b4
g4 40. hxg4 hxg4 41. Kf4 g3 42. Kxg3 Kxf5 43. Kf3 Ke5 44. Ke3 Kd5 45. Kd3 a6
46. a4 b6 47. Kc3 b5 48. a5 Ke4 49. Kc2 Kd4 50. Kb3 Kd3 51. Kb2 Kc4 52. Ka3 0-1

[Event "Open Nord 2016/2017"]
[Site "Meyreuil"]
[Date "2017.03.24"]
[Round "8"]
[White "Scamaroni, Jean-Paul"]
[Black "Amoros, Jean"]
[Result "0-1"]
[WhiteElo "1596"]
[BlackElo "1443"]
[PlyCount "65"]

1. d4 g6 2. c4 Bg7 3. Nc3 c5 4. d5 Bxc3+ 5. bxc3 f5 6. Nf3 Nf6 7. Bh6 Qa5 8.
Qc2 Ne4 9. Rc1 d6 10. e3 Nd7 11. Bd3 Ndf6 12. h3 Bd7 13. O-O O-O-O 14. Ng5 Nxg5
15. Bxg5 Rdf8 16. f3 h6 17. Bh4 g5 18. Bf2 Nh5 19. g4 fxg4 20. fxg4 Nf6 21. Bf5
Bxf5 22. Qxf5+ Nd7 23. Qc2 h5 24. Bg3 Nf6 25. Qf5+ Kb8 26. Qxg5 hxg4 27. Bxd6+
exd6 28. Rxf6 gxh3 29. Rxf8+ Rxf8 30. Qh6 Rg8+ 31. Kf2 Qxa2+ 32. Kf3 Qg2+ 33.
Kf4 0-1

[Event "Open Nord 2016/2017"]
[Site "Meyreuil"]
[Date "2017.03.24"]
[Round "8"]
[White "Tchifteyan, Philippe"]
[Black "Perdiolat, Francis"]
[Result "1-0"]
[WhiteElo "1585"]
[BlackElo "1464"]
[PlyCount "89"]

1. e4 d6 2. f4 Nf6 3. Nc3 g6 4. d3 e5 5. Nge2 Nc6 6. Be3 Bg7 7. Qd2 Ng4 8.
O-O-O Nxe3 9. Qxe3 Nd4 10. h4 Bg4 11. g3 h5 12. Bh3 Qd7 13. Bxg4 Qxg4 14. Kb1
O-O-O 15. fxe5 dxe5 16. Rdf1 Rhf8 17. Rh2 Qe6 18. Rhf2 c6 19. Nc1 Kb8 20. Nb3
b6 21. Ne2 Rd7 22. Nbxd4 exd4 23. Qg5 Qe5 24. Qd2 f5 25. exf5 Rdf7 26. Qg5 Rxf5
27. Rxf5 Rxf5 28. Rxf5 Qxf5 29. Qxf5 gxf5 30. Nf4 Be5 31. Nxh5 c5 32. Kc1 Kc7
33. Kd2 Kd6 34. Ke2 Kd5 35. Kf3 c4 36. Nf4+ Bxf4 37. Kxf4 cxd3 38. cxd3 Ke6 39.
h5 Kf6 40. h6 Kg6 41. h7 Kxh7 42. Kxf5 a5 43. Ke5 Kg6 44. Kxd4 Kg5 45. Ke5 1-0

[Event "Open Nord 2016/2017"]
[Site "Meyreuil"]
[Date "2017.03.24"]
[Round "8"]
[White "Pinto, Axel"]
[Black "Boukhfif, Tarik"]
[Result "0-1"]
[WhiteElo "1320"]
[BlackElo "1469"]
[PlyCount "60"]

1. e4 g6 2. d4 c5 3. Nf3 cxd4 4. Nxd4 Bg7 5. c4 Nc6 6. Nxc6 bxc6 7. Nc3 e6 8.
Be2 Ne7 9. c5 Qa5 10. Qd3 Qxc5 11. Be3 Qa5 12. O-O d5 13. Rfd1 O-O 14. Rd2 Bb7
15. Rc1 Qd8 16. Bc5 Re8 17. b4 a5 18. a3 axb4 19. axb4 Ra3 20. f4 Ba6 21. Qe3
Bxe2 22. Rxe2 d4 23. Bxe7 Qxe7 24. Nd5 Rxe3 25. Nxe7+ Rxe7 26. Rxe3 dxe3 27.
Rxc6 Rb7 28. Rc4 Bf8 29. Rc3 Rxb4 30. Rxe3 Bc5 0-1

[Event "Open Nord 2016/2017"]
[Site "Meyreuil"]
[Date "2017.03.24"]
[Round "8"]
[White "Andriamandimbisoa, Mathieu"]
[Black "Ribelles, Anthony"]
[Result "1-0"]
[WhiteElo "1766"]
[BlackElo "1397"]
[PlyCount "81"]
[EventDate "2017.??.??"]

1. d4 Nf6 2. Nf3 e6 3. c4 c5 4. Nc3 Nc6 5. Bg5 cxd4 6. Nxd4 a6 7. e4 d6 8. Be2
Be7 9. O-O O-O 10. Be3 e5 11. Nf5 Bxf5 12. exf5 Qd7 13. Bd3 Nd4 14. Bxd4 exd4
15. Ne2 d5 16. Rc1 dxc4 17. Rxc4 b5 18. Rxd4 Qa7 19. Bb1 Bc5 20. Rd2 Ng4 21.
Ng3 Nf6 22. h3 Rfe8 23. Rd3 Rac8 24. Qd2 h5 25. Qg5 Bxf2+ 26. Rxf2 Re1+ 27. Nf1
Rxb1 28. Qe3 Qxe3 29. Rxe3 Rcc1 30. g3 Re1 31. Rxe1 Rxe1 32. Rc2 Re5 33. Rc8+
Kh7 34. Ra8 Rxf5 35. Rxa6 Ne4 36. Rb6 Rf2 37. Rxb5 g5 38. Rb4 f5 39. Rxe4 Rxf1+
40. Kxf1 fxe4 41. Kf2 1-0

[Event "Open Nord 2016/2017"]
[Site "Meyreuil"]
[Date "2017.03.24"]
[Round "8"]
[White "Lupinacci, Patrick"]
[Black "Bouriel, Michel"]
[Result "1-0"]
[WhiteElo "1469"]
[BlackElo "1427"]
[PlyCount "92"]
[EventDate "2017.??.??"]

1. d4 Nf6 2. c4 g6 3. Nf3 Bg7 4. g3 d6 5. Bg2 O-O 6. O-O Nbd7 7. Nc3 Rb8 8. e4
a6 9. b3 c5 10. Bb2 cxd4 11. Nxd4 Nc5 12. Qc2 Ng4 13. Nce2 Ne5 14. Rad1 Bg4 15.
f3 Bd7 16. h3 Qc8 17. Nf4 Nxc4 18. bxc4 e5 19. Nd5 Qd8 20. Nb3 Ba4 21. Nc3 Bxb3
22. axb3 Qb6 23. Nd5 Qd8 24. Ba3 b6 25. b4 Ne6 26. Bb2 Rb7 27. Rf2 Nc7 28. c5
Nxd5 29. Rxd5 bxc5 30. bxc5 Rd7 31. Rfd2 Bh6 32. R2d3 Qc7 33. Rxd6 Rxd6 34.
Rxd6 Be3+ 35. Kh1 Qxc5 36. Qxc5 Bxc5 37. Rd5 Bb4 38. Bxe5 a5 39. Bf1 Rc8 40. h4
h5 41. Rd1 a4 42. Rb1 Be7 43. Rb8 Rxb8 44. Bxb8 a3 45. Bc4 Kf8 46. Kg2 Bd6 1-0

[Event "Open Nord 2016/2017"]
[Site "Meyreuil"]
[Date "2017.03.24"]
[Round "8"]
[White "Roman, Sylvian"]
[Black "Fastier, Adrien"]
[Result "0-1"]
[WhiteElo "1339"]
[BlackElo "1347"]
[PlyCount "106"]

1. e4 e5 2. Nf3 Nc6 3. Bb5 a6 4. Ba4 Nf6 5. O-O Be7 6. Re1 b5 7. Bb3 O-O 8. c3
d5 9. d3 Bg4 10. Nbd2 Kh8 11. Nf1 b4 12. Ne3 Bxf3 13. Qxf3 d4 14. Nd5 bxc3 15.
Nxf6 cxb2 16. Bxb2 Bxf6 17. Bd5 Rb8 18. Ba3 Ne7 19. Bb3 Kg8 20. Qg3 Qd7 21.
Bxe7 Qxe7 22. f4 Bh4 23. Qg4 Bxe1 24. Rxe1 Qd6 25. f5 Qh6 26. Rf1 Qe3+ 27. Kh1
h6 28. f6 Qg5 29. Qxg5 hxg5 30. Rf5 gxf6 31. Rxf6 Kg7 32. Rf5 f6 33. Rf1 Rh8
34. Rc1 Rb7 35. Rc6 Ra7 36. Re6 c5 37. Rc6 Raa8 38. Rc7+ Kh6 39. g4 Rac8 40.
Rf7 Kg6 41. Re7 Rh7 42. Re6 Ra7 43. Rb6 a5 44. Be6 Rcc7 45. Rb8 Rab7 46. Rg8+
Rg7 47. Rf8 Rge7 48. Bc4 Red7 49. Rg8+ Rg7 50. Ra8 Rb4 51. Rxa5 Rxc4 52. dxc4
d3 53. Rxc5 Rd7 0-1

[Event "Open Nord 2016/2017"]
[Site "Meyreuil"]
[Date "2017.03.24"]
[Round "8"]
[White "Gougeon, Hugo"]
[Black "Schiano-Lomoriello, Didier"]
[Result "0-1"]
[WhiteElo "1180"]
[BlackElo "1608"]
[PlyCount "52"]
[EventDate "2017.??.??"]

1. e4 c5 2. Nc3 Nc6 3. f4 e6 4. Nf3 a6 5. a3 d5 6. exd5 exd5 7. Bd3 Nf6 8. O-O
Be7 9. b4 cxb4 10. axb4 Nxb4 11. Re1 Nxd3 12. cxd3 O-O 13. Ne5 Bf5 14. d4 Bb4
15. Ba3 Bxa3 16. Rxa3 b5 17. Nc6 Qd6 18. Ne7+ Kh8 19. Qc1 Be6 20. f5 Qxe7 21.
fxe6 fxe6 22. Qa1 b4 23. Rxa6 Rxa6 24. Qxa6 bxc3 25. Rxe6 cxd2 26. Qe2 Qxe6 0-1

[Event "Open Nord 2016/2017"]
[Site "Meyreuil"]
[Date "2017.03.24"]
[Round "8"]
[White "Pietrac, Christian"]
[Black "Mignemi, Denis"]
[Result "1/2-1/2"]
[WhiteElo "1229"]
[BlackElo "1482"]
[PlyCount "59"]

1. Nf3 d5 2. g3 Nf6 3. Bg2 c5 4. d3 Nc6 5. O-O Bg4 6. Bf4 e6 7. h3 Bh5 8. g4
Bg6 9. Nh4 Bd6 10. Bxd6 Qxd6 11. c3 Ne7 12. Nd2 O-O 13. f4 h6 14. Nxg6 Nxg6 15.
e3 Rab8 16. Qe1 b5 17. a4 b4 18. c4 dxc4 19. dxc4 Rfd8 20. Ne4 Nxe4 21. Bxe4
Qd2 22. b3 Qxe1 23. Rfxe1 Rd2 24. Bxg6 fxg6 25. e4 Rbd8 26. Re3 Rb2 27. Rg3
Rdd2 28. Rf1 Kf7 29. e5 Ke7 30. Re1 1/2-1/2

[Event "Open Nord 2016/2017"]
[Site "Meyreuil"]
[Date "2017.12.03"]
[Round "8"]
[White "Salvi, Angele"]
[Black "Hidreau, Olivier"]
[Result "0-1"]
[WhiteElo "1048"]
[BlackElo "1406"]
[PlyCount "42"]

1. e4 d5 2. exd5 Qxd5 3. Nc3 Qa5 4. d4 c6 5. Bc4 Nf6 6. Bd2 Qd8 7. Nf3 Bg4 8.
Be3 e6 9. O-O Bd6 10. Be2 h6 11. a3 Qc7 12. g3 Nbd7 13. Kg2 Bf5 14. Na2 h5 15.
Ng5 h4 16. f4 Nb6 17. c3 Nbd5 18. Bg1 hxg3 19. hxg3 O-O-O 20. Bd3 Rh2+ 21. Bxh2
Ne3+ 0-1

[Event "Open Nord 2016/2017"]
[Site "Meyreuil"]
[Date "2017.03.24"]
[Round "8"]
[White "Chauvet, Joelle"]
[Black "Burmonas, Marc"]
[Result "1-0"]
[WhiteElo "1460"]
[BlackElo "1150"]
[PlyCount "85"]

1. d4 d5 2. e3 e6 3. c4 Nf6 4. Nc3 c6 5. Nf3 Nbd7 6. Rb1 Be7 7. c5 b6 8. b4 Ne4
9. Nxe4 dxe4 10. Nd2 Nf6 11. Be2 b5 12. Qc2 Qd5 13. O-O O-O 14. f3 exf3 15.
Bxf3 Qd7 16. Bb2 Bb7 17. e4 Ne8 18. e5 Bg5 19. Ne4 Bh6 20. Rbd1 Nc7 21. Bc1
Bxc1 22. Qxc1 Nd5 23. a3 Rab8 24. Rd3 Qe7 25. Bg4 Qh4 26. Rg3 f6 27. Bxe6+ Kh8
28. Bxd5 cxd5 29. Rf4 Qh6 30. Nd6 Bc6 31. Qf1 a6 32. Qf3 Bd7 33. Nf5 Bxf5 34.
Rxf5 Qc1+ 35. Qf1 Qd2 36. Rd3 Qc2 37. Rf2 Qc4 38. Qd1 fxe5 39. Rc2 Rf7 40. Rxc4
bxc4 41. Rf3 Kg8 42. dxe5 Rxf3 43. Qxf3 1-0

[Event "Open Nord 2016/2017"]
[Site "Meyreuil"]
[Date "2017.03.24"]
[Round "8"]
[White "Lognos, Lina"]
[Black "Schoeni, Christine"]
[Result "0-1"]
[WhiteElo "1068"]
[BlackElo "1113"]
[PlyCount "172"]

1. c4 Nf6 2. Nc3 e6 3. d4 Bb4 4. Bd2 Nc6 5. a3 Be7 6. Nf3 O-O 7. g3 d5 8. cxd5
Nxd5 9. Bg2 Nxc3 10. Bxc3 Bf6 11. O-O Qe7 12. e4 Rd8 13. e5 Bg5 14. Nxg5 Qxg5
15. Qa4 Ne7 16. Qb3 c6 17. Qc2 Qg6 18. Be4 Nf5 19. Bg2 Ne7 20. Qxg6 Nxg6 21. b4
Ne7 22. Rfe1 Rb8 23. a4 Nd5 24. Rab1 Nb6 25. Bf1 a6 26. a5 Nd5 27. Bd2 Rf8 28.
Bg2 Bd7 29. Bxd5 cxd5 30. Rbc1 Rbc8 31. Rxc8 Rxc8 32. f4 Bb5 33. Rc1 Rxc1+ 34.
Bxc1 Bc4 35. Kf2 Bd3 36. Ke3 Bf5 37. h4 h5 38. Kd2 Kf8 39. Kc3 Ke7 40. Kb3 Bd3
41. Bd2 g6 42. Be1 Kd7 43. Kc3 Bc4 44. Kb2 Kc6 45. Ka3 b6 46. axb6 Kxb6 47. Ka4
Bb5+ 48. Ka3 Bc6 49. Bd2 Kb5 50. Kb3 Kb6 51. Bc3 Bb5 52. Ka3 Bc4 53. Ka4 Kc7
54. Ka5 Kd7 55. Bd2 Ke7 56. Bc1 f6 57. Ba3 Kf7 58. exf6 Kxf6 59. Bb2 Kf5 60.
Kb6 Kg4 61. Kc6 Kxg3 62. Kd6 Kxf4 63. Kxe6 Kg4 64. Kf6 Bd3 65. Ke5 Bc4 66. Kf6
Kxh4 67. Kxg6 Kg4 68. Bc1 h4 69. Kf6 h3 70. Ke5 h2 71. Bf4 h1=Q 72. Be3 Qh5+
73. Kd6 Kf3 74. Bd2 Ke4 75. Kc5 Kd3 76. Be1 Qe8 77. Bg3 Bb5 78. Kxd5 Bc4+ 79.
Kc5 Ke4 80. Kxc4 Qc8+ 81. Kb3 Qg8+ 82. d5 Qxg3+ 83. Kc4 Qd3+ 84. Kc5 Qxd5+ 85.
Kb6 Qc4 86. Ka5 Qb5# 0-1

[Event "Open Nord 2016/2017"]
[Site "Meyreuil"]
[Date "2017.03.24"]
[Round "8"]
[White "Renoulet, Francoise"]
[Black "Burmonas, Solange"]
[Result "0-1"]
[WhiteElo "1084"]
[BlackElo "1290"]
[PlyCount "65"]

1. c4 e5 2. Nc3 Nf6 3. g3 Bc5 4. e3 d6 5. Bg2 c6 6. Nge2 Bg4 7. O-O O-O 8. Re1
Nbd7 9. a3 a6 10. b4 Ba7 11. b5 Nb8 12. a4 Qd7 13. Rb1 Bh3 14. Bh1 Bf5 15. d3
Be6 16. b6 d5 17. bxa7 Rxa7 18. Ba3 Re8 19. Bc5 Ra8 20. Rb6 a5 21. Qb3 Na6 22.
Rxb7 Rab8 23. Rxb8 Rxb8 24. Nb5 Nxc5 25. Qa3 cxb5 26. Qxc5 bxa4 27. Qxa5 g6 28.
Nc3 dxc4 29. Qxe5 Qd8 30. Nxa4 cxd3 31. Nc5 d2 32. Nxe6 dxe1=Q+ 33. Kg2 0-1

[Event "Open Nord 2016/2017"]
[Site "Meyreuil"]
[Date "2017.04.29"]
[Round "9"]
[White "Mamah, Isabelle"]
[Black "Loysel, Yves"]
[Result "1/2-1/2"]
[WhiteElo "1857"]
[BlackElo "1647"]
[PlyCount "79"]

1. e4 c5 2. c3 Nf6 3. e5 Nd5 4. d4 cxd4 5. Nf3 Nc6 6. cxd4 d6 7. Bc4 e6 8. O-O
Nb6 9. Bb5 Bd7 10. Nc3 a6 11. Bd3 d5 12. Ne2 Be7 13. Ng3 Nb4 14. Bb1 Rc8 15. a3
Nc6 16. Nh5 O-O 17. Nxg7 Kxg7 18. Qd3 Rh8 19. Qe3 h6 20. Qf4 Qg8 21. a4 Na5 22.
b4 Nb3 23. Ra2 Nxc1 24. Rxc1 Rxc1+ 25. Qxc1 Bxb4 26. h3 Nc4 27. Bd3 b5 28. axb5
Bxb5 29. Nh2 Be7 30. Ng4 h5 31. Nf6 Bxf6 32. exf6+ Kxf6 33. Qf4+ Ke7 34. Qc7+
Bd7 35. Bxc4 dxc4 36. Rxa6 Qb8 37. Qc5+ Kd8 38. Qa5+ Ke7 39. Qg5+ Ke8 40. Qa5
1/2-1/2

[Event "Open Nord 2016/2017"]
[Site "Meyreuil"]
[Date "2017.04.29"]
[Round "9"]
[White "Pelopidas, Florian"]
[Black "Arthaud, Geoffrey"]
[Result "1-0"]
[WhiteElo "1766"]
[BlackElo "1596"]
[PlyCount "21"]

1. d4 d5 2. c4 c6 3. Nf3 Nf6 4. Nc3 dxc4 5. e4 b5 6. e5 Nd5 7. a4 a6 8. axb5
Nxc3 9. bxc3 cxb5 10. Ng5 Bf5 11. Qf3 1-0

[Event "Open Nord 2016/2017"]
[Site "Meyreuil"]
[Date "2016.04.29"]
[Round "9"]
[White "Amoros, Jean"]
[Black "Salvi, Michel"]
[Result "1-0"]
[WhiteElo "1458"]
[BlackElo "1664"]
[PlyCount "69"]

1. e4 c5 2. d4 cxd4 3. c3 dxc3 4. Nxc3 d6 5. Bc4 Nc6 6. Nf3 Nf6 7. e5 Ng4 8. e6
f5 9. O-O Nge5 10. Nxe5 Nxe5 11. Bb3 g6 12. Bf4 Nc6 13. Qf3 Bg7 14. Rfe1 O-O
15. Ne2 Bxb2 16. Rad1 Be5 17. Bg5 6 18. Nf4 Nd4 19. Rxd4 Bxd4 20. Nd5 Re8 21.
g4 Qa5 22. Rd1 Bf6 23. Bxf6 exf6 24. gxf5 Kg7 25. Kh1 Bxe6 26. fxe6 Rxe6 27.
Ne3 Re7 28. Rg1 Re5 29. Qxb7+ Kh6 30. Qxa8 Kh5 31. Bd1+ Kh4 32. Qf8 h5 33.
Qxf6+ g5 34. Qf3 g4 35. Rxg4+ 1-0

[Event "Open Nord 2016/2017"]
[Site "Meyreuil"]
[Date "2017.04.10"]
[Round "9"]
[White "Boukhfif, Tarik"]
[Black "Graells, Christian"]
[Result "1-0"]
[WhiteElo "1485"]
[BlackElo "1599"]
[PlyCount "63"]

1. b3 e5 2. Bb2 Nc6 3. e3 a6 4. Nf3 d6 5. Be2 Be7 6. c4 Bf6 7. d4 e4 8. Nfd2
Bf5 9. Nc3 Qe7 10. Qb1 Nb4 11. Ndxe4 d5 12. cxd5 Rd8 13. Nxf6+ Qxf6 14. e4 Bg6
15. Qd1 a5 16. a3 Na6 17. Bb5+ Ke7 18. O-O Nb8 19. f4 h5 20. a4 Kf8 21. Ba3+
Ne7 22. f5 Bh7 23. e5 Qh6 24. Qe2 c6 25. f6 Re8 26. Bxe7+ Kg8 27. Bc4 Nd7 28.
dxc6 bxc6 29. Bxf7+ Kxf7 30. e6+ Kg6 31. Qe4+ Kg5 32. h4# 1-0

[Event "Open Nord 2016/2017"]
[Site "Meyreuil"]
[Date "2017.04.29"]
[Round "9"]
[White "Tchifteyan, Philippe"]
[Black "Lupinacci, Patrick"]
[Result "1-0"]
[WhiteElo "1571"]
[BlackElo "1471"]
[PlyCount "85"]

1. e4 c5 2. c3 e6 3. d4 cxd4 4. cxd4 Nf6 5. Nc3 Bb4 6. Qf3 d5 7. e5 Ne4 8. Bb5+
Bd7 9. Bxd7+ Nxd7 10. Nge2 O-O 11. O-O Bxc3 12. Nxc3 Nxc3 13. Qxc3 Nb6 14. Qg3
f6 15. f4 Qe7 16. Bd2 Nc4 17. Bc3 f5 18. a3 Qd7 19. b3 Nb6 20. Bb4 Rf7 21. Rfc1
Nc8 22. Rc2 a5 23. Be1 Qd8 24. Rac1 b6 25. Qd3 Qe8 26. Rc6 Rb7 27. a4 Kf7 28.
Qc2 Ne7 29. Rc7 Rxc7 30. Qxc7 Rc8 31. Bh4 Rxc7 32. Rxc7 Qd8 33. Rxe7+ Qxe7 34.
Bxe7 Kxe7 35. Kf2 Kd7 36. Kf3 Kc6 37. g4 g6 38. Kg3 h6 39. h4 Kd7 40. h5 gxh5
41. gxf5 Ke7 42. Kh4 Kf7 43. Kxh5 1-0

[Event "Open Nord 2016/2017"]
[Site "Meyreuil"]
[Date "2017.04.29"]
[Round "9"]
[White "Fastier, Adrien"]
[Black "Pinto, Axel"]
[Result "1-0"]
[WhiteElo "1375"]
[BlackElo "1446"]
[PlyCount "45"]

1. d4 Nf6 2. c4 c5 3. d5 e6 4. Nc3 exd5 5. cxd5 d6 6. e4 g6 7. f4 Bg7 8. e5
Nfd7 9. Nb5 dxe5 10. Nd6+ Ke7 11. Nxc8+ Qxc8 12. Nf3 Re8 13. Bc4 Kf8 14. O-O e4
15. Ng5 h6 16. Nxf7 Bd4+ 17. Kh1 Kxf7 18. d6+ Kg7 19. f5 g5 20. Qh5 Ne5 21. f6+
Kh7 22. Bxg5 Ng4 23. Qf7+ 1-0

[Event "Open Nord 2016/2017"]
[Site "Meyreuil"]
[Date "2016.04.29"]
[Round "9"]
[White "Schiano-Lomoriello, Didier"]
[Black "Chauvet, Joelle"]
[Result "1-0"]
[WhiteElo "1602"]
[BlackElo "1437"]
[PlyCount "89"]

1. e4 e5 2. Nf3 d6 3. d4 exd4 4. Nxd4 Nf6 5. Nc3 Be7 6. Be3 O-O 7. Qd2 a6 8.
Be2 b5 9. a3 Bb7 10. f3 Qd7 11. Nf5 Bd8 12. Nxg7 Ne8 13. Nf5 f6 14. g4 Ng7 15.
Nxg7 Qxg7 16. Bh6 Qg6 17. Bxf8 Kxf8 18. Nd5 Nd7 19. h4 c6 20. h5 Qf7 21. Ne3
Bc7 22. Nf5 d5 23. O-O-O Ne5 24. Qb4+ Ke8 25. exd5 cxd5 26. Rhe1 Kd7 27. f4 Nc6
28. Bxb5 axb5 29. Qxb5 Bxf4+ 30. Kb1 Kc7 31. Rxd5 Be5 32. Red1 Rd8 33. Rxd8
Nxd8 34. Qa5+ Kc6 35. Qxd8 Qc7 36. Ne7+ Kc5 37. b4+ Kb5 38. a4+ Kxa4 39. Qxc7
Bxc7 40. Rd7 Bf3 41. Rxc7 Bxg4 42. h6 Kxb4 43. Nd5+ Kb5 44. Nxf6 Bf5 45. Nxh7
1-0

[Event "Open Nord 2016/2017"]
[Site "Meyreuil"]
[Date "2017.04.29"]
[Round "9"]
[White "Hidreau, Olivier"]
[Black "Scamaroni, Jean-Paul"]
[Result "0-1"]
[WhiteElo "1401"]
[BlackElo "1599"]
[PlyCount "84"]

1. e4 c5 2. c3 d5 3. e5 e6 4. d4 cxd4 5. cxd4 Nc6 6. Nf3 Bb4+ 7. Bd2 Bxd2+ 8.
Qxd2 Nge7 9. Na3 a6 10. Be2 O-O 11. O-O Bd7 12. Rac1 Qb6 13. b3 Rac8 14. g4 f5
15. g5 f4 16. Rc5 Nf5 17. Nc2 Nfxd4 18. Rxc6 Nxf3+ 19. Bxf3 Qxc6 20. Nd4 Qc3
21. Rd1 Qxd2 22. Rxd2 Rc1+ 23. Kg2 Rc3 24. h4 g6 25. Bg4 f3+ 26. Kg3 Kf7 27.
Bxf3 Ke7 28. Kg4 Bb5 29. Bd1 Bd3 30. f3 Bf5+ 31. Kg3 Re3 32. Kf4 Re1 33. Be2
Bd3+ 34. Kg3 Bxe2 35. Nxe2 Rc8 36. f4 b5 37. Kf2 Rb1 38. Kg2 a5 39. Kf2 b4 40.
Kg2 Rc3 41. Nxc3 bxc3 42. Rc2 Rb2 0-1

[Event "Open Nord 2016/2017"]
[Site "Meyreuil"]
[Date "2017.04.29"]
[Round "9"]
[White "Perdiolat, Francis"]
[Black "Gourdeau, Marie-Christine"]
[Result "1-0"]
[WhiteElo "1461"]
[BlackElo "1363"]
[PlyCount "129"]

1. e4 c6 2. Nc3 d5 3. Qf3 d4 4. Bc4 e6 5. Nce2 Bc5 6. d3 Nf6 7. Bg5 Bb4+ 8. c3
dxc3 9. bxc3 Be7 10. Bf4 Nbd7 11. Qg3 Nh5 12. Qf3 Qa5 13. Bd2 O-O 14. d4 Nhf6
15. Nh3 Nb6 16. Bb3 Qh5 17. Qxh5 Nxh5 18. e5 c5 19. g4 c4 20. Bc2 Nf6 21. exf6
Bxf6 22. Ng5 g6 23. h4 e5 24. Ne4 Bg7 25. f3 exd4 26. cxd4 Bd7 27. Bc3 Nd5 28.
Bd2 f5 29. gxf5 Bxf5 30. Rb1 b6 31. Ba4 Rac8 32. Rc1 a6 33. Nd6 Rcd8 34. Nxc4
b5 35. Bb3 bxc4 36. Bxc4 Be6 37. Bxa6 Rxf3 38. a4 Rdf8 39. Rc6 Bh3 40. Nc3 Nb4
41. Bc4+ Kh8 42. Rb6 Nc2+ 43. Kd1 Ne3+ 44. Bxe3 Rxe3 45. Nd5 Bg4+ 46. Kd2 Ref3
47. a5 Bh6+ 48. Kc2 Bf5+ 49. Kb2 Rf2+ 50. Ka3 Be4 51. Rg1 R8f3+ 52. Ka4 Bc2+
53. Kb5 Bd3 54. Rb8+ Bf8 55. Rxf8+ Rxf8 56. Bxd3 Rb2+ 57. Kc6 Rc8+ 58. Kd7 Rf8
59. a6 Rbb8 60. Ra1 Rbd8+ 61. Kc6 Rc8+ 62. Nc7 Rf7 63. Kb6 Rfxc7 64. a7 Rc6+
65. Kb5 1-0

[Event "Open Nord 2016/2017"]
[Site "Meyreuil"]
[Date "2017.04.29"]
[Round "9"]
[White "Mignemi, Denis"]
[Black "Bouriel, Michel"]
[Result "1/2-1/2"]
[WhiteElo "1437"]
[BlackElo "1420"]
[PlyCount "78"]

1. d4 Nf6 2. Nf3 g6 3. c4 Bg7 4. Nc3 O-O 5. Bf4 d6 6. e3 b6 7. Be2 Nc6 8. h3
Bb7 9. O-O Nb4 10. a3 Na6 11. Rc1 c5 12. d5 Nc7 13. e4 Nh5 14. Bh2 Bc8 15. Bd3
Bd7 16. Re1 Qc8 17. Qc2 Bh6 18. Rb1 Bf4 19. Bf1 a6 20. b4 cxb4 21. Rxb4 Rb8 22.
e5 Bxh2+ 23. Kxh2 a5 24. Rb2 dxe5 25. Nxe5 Na6 26. Qd2 Qc7 27. Kg1 Nc5 28. Nxd7
Qxd7 29. Qg5 f6 30. Qe3 Rfe8 31. Reb1 Qc7 32. Nb5 Qd8 33. Nd4 Ng7 34. Nc6 Nf5
35. Qe1 Qd6 36. Nxb8 Rxb8 37. Qd1 Ne4 38. Qf3 Ng5 39. Qd1 Ne4 1/2-1/2

[Event "Open Nord 2016/2017"]
[Site "Meyreuil"]
[Date "2017.04.29"]
[Round "9"]
[White "Ribelles, Anthony"]
[Black "Roman, Sylvian"]
[Result "1/2-1/2"]
[WhiteElo "1389"]
[BlackElo "1346"]
[PlyCount "103"]

1. e4 e5 2. Nf3 Nc6 3. d4 exd4 4. Nxd4 Nf6 5. Nxc6 bxc6 6. e5 Qe7 7. Qe2 Nd5 8.
c4 Ba6 9. b3 f6 10. Bb2 Nf4 11. Qe4 Ng6 12. f4 fxe5 13. fxe5 Qh4+ 14. Qxh4 Nxh4
15. Nd2 Bb4 16. O-O-O O-O 17. Ne4 Rad8 18. c5 Bxf1 19. Rhxf1 Nxg2 20. Rg1 Nf4
21. Kc2 Nd5 22. Rd3 Nf4 23. Re3 Ne6 24. a3 Bxc5 25. Nxc5 Nxc5 26. e6 Rf2+ 27.
Kb1 Nxe6 28. Rxe6 dxe6 29. Rxg7+ Kf8 30. Rxc7 Rd1+ 31. Bc1 Rxh2 32. Rxc6 Rhh1
33. Kb2 Rh2+ 34. Kb1 Rhh1 35. Kb2 Rxc1 36. Rxc1 Rxc1 37. Kxc1 h5 38. Kd2 h4 39.
Ke3 Kf7 40. b4 Kf6 41. a4 Ke5 42. a5 h3 43. Kf3 h2 44. Kg2 h1=Q+ 45. Kxh1 Kd4
46. b5 Kc5 47. b6 Kc6 48. bxa7 Kb7 49. a8=Q+ Kxa8 50. Kg2 Ka7 51. Kf3 Ka6 52.
Ke4 1/2-1/2